Countries That Played in the Most World Cups - Statistics

General Stats
  • This quiz has been taken 350 times
  • The average score is 17 of 20
Answer Stats
# Team % Correct
20 Brazil
100%
18 Germany / West Germany
99%
16 Argentina
98%
18 Italy
98%
14 France
97%
14 England
96%
14 Spain
95%
12 Uruguay
93%
10 Russia / Soviet Union
91%
10 United States
91%
10 Netherlands
89%
15 Mexico
88%
11 Sweden
84%
12 Belgium
83%
9 Chile
81%
10 Switzerland
74%
9 Hungary
72%
9 South Korea
65%
9 Yugoslavia
65%
9 Czech Republic / Czechoslovakia
64%
No matching quizzes found
Score Distribution
Percent of People with Each Score
Percentile by Number Answered
Your Score History
You have not taken this quiz